|
|
|
|
| LEADER |
00000cam a2200000 7i4500 |
| 001 |
0000001930 |
| 005 |
20020517.0 |
| 020 |
0 |
0 |
|a 9678911515
|
| 090 |
0 |
0 |
|a R346.004565
|b MAL 2001
|
| 110 |
1 |
0 |
|a MALAYSIA
|
| 245 |
1 |
0 |
|a Akta cakera optik (Akta 606) dan peraturan-peraturan & optical discs act 2000 (Act 606) and regulations
|c disusun oleh Lembaga Penyelidikan Undang-Undang
|
| 260 |
0 |
0 |
|a Kuala Lumpur :
|b International Law Book Services ,
|c 2001
|
| 300 |
|
|
|a 119 p. :
|b ill. ;
|c 24 cm.
|
| 440 |
0 |
0 |
|a Undang-Undang Malaysia
|
| 650 |
0 |
0 |
|a Optical discs
|x Law and legislation
|
| 998 |
|
|
|a JPSM
|
| 999 |
|
|
|a 0000003078
|b Monograph
|c Reference
|e Default branch
|